Discrete mathematics

Đã lưu trong:
Bibliografiske detaljer
Hovedforfatter: Johnsonbaugh, Richard
Format: Bog
Sprog:Undetermined
Udgivet: New Jersey Pearson Prentice Hall 2005
Fag:
Tags: Tilføj Tag
Ingen Tags, Vær først til at tagge denne postø!
Thư viện lưu trữ: Trung tâm Học liệu Trường Đại học Cần Thơ
LEADER 00546nam a2200193Ia 4500
001 CTU_74398
008 210402s9999 xx 000 0 und d
020 |c 316000 
082 |a 512.02 
082 |b J66 
100 |a Johnsonbaugh, Richard 
245 0 |a Discrete mathematics 
245 0 |c Richard Johnsonbaugh 
260 |a New Jersey 
260 |b Pearson Prentice Hall 
260 |c 2005 
650 |a Combinatorial analysis,Logic, symbolic and mathematical 
904 |i Tuyến 
980 |a Trung tâm Học liệu Trường Đại học Cần Thơ